|
|
|
|
| LEADER |
00000nam0a2200000 4500 |
| 001 |
290746 |
| 005 |
20231102000323.0 |
| 020 |
|
|
|a RU
|b 83-2156ж
|
| 035 |
|
|
|a (RuTPU)RU\TPU\book\315302
|
| 090 |
|
|
|a 290746
|
| 100 |
|
|
|a 20150408d1983 k y0rusy5003 ca
|
| 101 |
0 |
|
|a rus
|
| 102 |
|
|
|a RU
|
| 105 |
|
|
|a a z 001zy
|
| 200 |
1 |
|
|a Плиоценовые и четвертичные дрейссениды (Dreisenidae, Bivalvia) Эвксинского бассейна
|f Е. В. Бабак
|g Академия наук СССР (АН СССР)
|
| 210 |
|
|
|a Москва
|c Наука
|d 1983
|
| 215 |
|
|
|a 104 с.
|c ил.
|
| 225 |
1 |
|
|a Труды Палеонтологического института
|v Т. 204
|
| 320 |
|
|
|a Библиогр.: с. 91-99
|
| 606 |
1 |
|
|a Дрейссениды
|2 stltpush
|3 (RuTPU)RU\TPU\subj\10158
|9 37282
|
| 610 |
1 |
|
|a плиоценовые отложения
|
| 610 |
1 |
|
|a четвертичные отложения
|
| 610 |
1 |
|
|a стратиграфия
|
| 610 |
1 |
|
|a морфология
|
| 610 |
1 |
|
|a филогения
|
| 610 |
1 |
|
|a роды
|
| 610 |
1 |
|
|a подроды
|
| 610 |
1 |
|
|a происхождение
|
| 610 |
1 |
|
|a характеристика
|
| 675 |
|
|
|a 564.1
|v 4
|
| 700 |
|
1 |
|a Бабак
|b Е. В.
|g Елена Владимировна
|
| 712 |
0 |
2 |
|a Академия наук СССР (АН СССР)
|c (1925-1991)
|2 stltpush
|3 (RuTPU)RU\TPU\col\722
|
| 801 |
|
0 |
|a RU
|b RuMRKP
|c 19950704
|g psbo
|
| 801 |
|
1 |
|a RU
|b 63413507
|c 20150408
|
| 801 |
|
2 |
|a RU
|b 63413507
|c 20170713
|g RCR
|
| 942 |
|
|
|c BK
|